Revista Dixi

Detalles Bibliográficos
Formato: Libro
Lenguaje:español
Publicado: Bogot ̀: Ediciones Universidad Cooperativa de Colombia, 20? -
Materias:
Acceso en línea:Acceso restringido

MARC

LEADER 00000nam a22000007a 4500
005 20180503111615.0
007 cr|||| ||||
008 180503c20? 9999co fr||s |||| 0|||b1spa d
022 |a 2357-5891 
035 |a 21451 
040 |a vLex 
090 |c 7896  |d 7896 
245 0 0 |a Revista Dixi  |h [Recurso electrn̤ico] 
256 |a Servicio en ln̕ea 
260 |a Bogot ̀:  |b Ediciones Universidad Cooperativa de Colombia,  |c 20? - 
300 |a 1 recurso electrn̤ico 
506 |a Disponible solo en los productos indicados  |d vLex Global  |d vLex Global (Academic Edition, excluding Law Schools)  |d vLex Global (U.S. Academic Edition, Law Schools)  |d vLex Global (U.S. Academic Edition, excluding Law Schools)  |d vLex Global (Academic Edition, Law Schools) 
650 0 4 |a Derecho penal  |z Colombia 
650 0 4 |a Derecho  |e Filosofia  |z Colombia 
740 0 |a vLex Revistas (Servicio en ln̕ea) 
856 4 0 |u http://vlex.com/source/manual-ejecutivo-laboral-21451  |z Acceso restringido 
942 |c REV 
999 0 |a Criminal Law 
999 0 |a Law--Philosophy